Čalúnenie nábytku [1. zväzok] Materiály

Bibliographic Details
Main Author: Navrátil, Vojtěch, 1949- (Author)
Format: Book
Language:Slovak
PhysicalDescription:82 s. sch., tab. 22 cm
Published: [Zvolen Matcentrum] 2015
ISBN:9788089077021
Edition:2. dopl. vyd.
Subjects:

MARC

LEADER 00000nam a2200000 a 4500
001 vtls011605326
003 SK-MaSNL
005 20260302053058.0
008 240318s2015 xo a g n 000 0 slo
015 |a SNBA2017/02 
020 |a 9788089077021  |q (brož.)  |z 8096731572 
035 |a urn:nbn:sk:snk-am00cyry 
035 |a urn:nbn:sk:snk-am3hfrw 
035 |a 5D42FE08-C1F9-4A0C-951F-69E66C8C97BF 
040 |a SNK  |b slo  |c SNK  |e AACR2 
041 0 |a slo  |b cze  |b eng  |b fre  |b ger  |b rus 
044 |a xo  |c SK 
072 7 |a 684  |x Nábytkársky priemysel  |2 konspekt 
080 |a 684.4.07  |2 2011 
080 |a (048.8)  |2 2011 
080 |a 620.2  |2 2011 
100 1 |a Navrátil, Vojtěch,  |d 1949-  |4 aut  |9 133165 
245 1 0 |a Čalúnenie nábytku  |n [1. zväzok]  |p Materiály  |c Vojtěch Navrátil 
246 3 0 |a Materiály 
250 |a 2. dopl. vyd. 
260 |a [Zvolen  |b Matcentrum]  |c 2015 
300 |a 82 s.  |b sch., tab.  |c 22 cm 
500 |a Vydavateľské údaje podľa ISBN 
504 |a Bibliografia na strane 75-79 
546 |a Anglické, české, francúzske, nemecké a ruské resumé 
650 0 7 |a čalúnený nábytok  |2 SNKPH  |9 70157 
650 0 7 |a Upholstered furniture  |2 SNKPHeng  |9 425087 
650 0 7 |a materiály  |2 SNKPH  |9 1041 
650 0 7 |a Materials  |2 SNKPHeng  |9 266883 
655 7 |a monografie  |2 SNKPH  |9 70139 
655 7 |a Monographs  |2 SNKPHeng  |9 120675 
919 |a 978-80-89077-02-1 
958 |a NB 
999 |c 1107931  |d 1109861 
952 |a SNK  |b SNK  |y PREZ  |7 0  |p 17A1251526  |o snkSC 172732  |i snk2017/1625  |8 0  |0 0  |1 0  |4 0  |d 2017-01-19  |f 1  |l 0  |r 2025-09-11 00:00:00  |w 2026-02-24